000 00768nam a2200253 a 4500
001 41224
003 BD-RjUL
005 20211209053341.0
008 500101s1974 enkaf b 001 0 eng d
020 _a0851571638
035 _a(BD-RjUL)
040 _aDLC
_cDLC
_dBD-RjUL
_beng
041 _aeng
082 _a020.23
_222
_bATL 1974
100 1 0 _aAtkinson, Frank
_d1922-
_9126821
245 1 0 _aLibrarianship:
_ban introduction to the profession /
_cwith contributions from ... [others]
260 _aLondon :
_bBingley,
_c1974
300 _a112 p., [16] p. of plates :
_billus;
_c23 cm.
500 _aIncludes index
504 _aBibliography: p. 101-105
650 0 _aLibrary science
_xVocational guidance
_9126822
942 _2ddc
_cBK
999 _c41224
_d41224